000
00187 a2200097 4500
020
_a
9780590291859
041
_a
spa
100
_a
Margarita Gonzales
245
_a
Botas negras
942
_c
BK
999
_c
9534
_d
9534